| 000 | 00385nam a22001577a 4500 | ||
|---|---|---|---|
| 003 | MACL | ||
| 005 | 20151118131538.0 | ||
| 008 | 151118b xxu||||| |||| 00| 0 eng d | ||
| 040 | _cMACL | ||
| 041 | _aEnglish | ||
| 082 | _a320 | ||
| 100 |
_aMalhotra,Vinay Kumar _917414 |
||
| 245 | _aThe Discipline of International Relations of India | ||
| 650 |
_aPolitic _917415 |
||
| 942 |
_2ddc _cBK |
||
| 999 |
_c50648 _d50648 |
||